000 00984nam a2200289 a 4500
999 _c11937
_d11937
001 11937
003 BD-JhCC
005 20210329134019.0
008 201203s2003 nyu 001 0 eng
020 _a0131500902
035 _a(BD-JhCC)11937
040 _aDLC
_cDLC
_dBD-JhCC
041 _aeng
050 4 _aPE1408 .H664 2003
082 _a808.042
_bHOE 2003
100 1 _aHogue, Ann.
245 1 4 _aThe essentials of English :
_ba writer's handbook /
_cAnn Hogue.
260 _aWhite Plains, NY :
_bLongman,
_c2003.
300 _axii, 463 p. ;
_c24 cm.
500 _aAccompanying material: Exercises / Lida Baker.
500 _a"Now with APA [American Psychological Association] style"--Cover.
650 0 _aEnglish language
_xRhetoric
_vHandbooks, manuals, etc.
650 0 _aEnglish language
_xGrammar
_vHandbooks, manuals, etc.
650 0 _aEnglish language
_vTextbooks for foreign speakers.
650 0 _aReport writing
_vHandbooks, manuals, etc.
942 _2ddc
_cBK
_02